Größte Gemeinden den Steiermark nach Buchstabe - Statistiken

Allgemein
  • Dieses Quiz wurde 67 mal gespielt
  • Das Durchschnittsergebnis liegt bei 14 aus 22
Antwortstatistiken
# Einwohner Bezirk Gemeinde % Korrekt
G 288.806 Graz Graz
94%
D 11.663 Deutschlandsberg Deutschlandsberg
93%
B 15.837 Bruck-Mürzzuschlag Bruck an der Mur
89%
L 24.584 Leoben Leoben
89%
V 9.400 Voitsberg Voitsberg
85%
W 11.701 Weiz Weiz
85%
M 8.525 Bruck-Mürzzuschlag Mürzzuschlag
83%
F 13.511 Südoststeiermark Feldbach
81%
J 9.899 Murtal Judenburg
81%
K 22.753 Bruck-Mürzzuschlag Kapfenberg
78%
A 4.957 Liezen Admont
69%
Z 7.066 Murtal Zeltweg
67%
I 4.137 Liezen Irdning-Donnersbachtal
61%
R 5.217 Liezen Rottenmann
61%
S 11.216 Graz-Umgebung Seiersberg-Pirka
61%
T 11.131 Leoben Trofaiach
52%
E 6.669 Graz-Umgebung Eggersdorf bei Graz
41%
N 4.907 Murau Neumarkt in der Steiermark
41%
O 3.758 Murtal Obdach
37%
H 7.122 Graz-Umgebung Hitzendorf
30%
P 6.265 Graz-Umgebung Premstätten
28%
U 2.042 Graz-Umgebung Übelbach
26%
Keine übereinstimmenden Quizze gefunden
Verteilung der Resultate
Anzahl Personen mit jedem Resultat
Perzentil nach korrekt beantworteten Fragen
Ihre Resultats-Entwicklung
Sie haben dieses Quiz noch nicht gespielt